000 00336nam a2200133Ia 4500
008 231129s9999||||xx |||||||||||||| ||spa||
020 _a950-742-787-2
040 _bspa
082 _aA863 A543a
100 _aAndahazi Federico
245 0 _aEl anatomista
264 _aPlaneta
942 _2ddc
_cBKS
999 _c10191
_d10191